000 01559nam a22002537a 4500
005 20140904113933.0
010 _aENG-110723
020 _a9788132117896
_c445.00
035 _aEN-94255
037 _bDBAD/PUB
082 _a954.9205148092254
100 _aJafa, Dhirendra S.
245 _aDeath wasn't painful :
_cby Dhirendra S. Jafa
_bstories of Indian fighter pilots from the 1971 war /
260 _aNew Delhi
_bSage Publications
_c2014
270 _aB1/ I-1 Mohan Cooperative Industrial Area,Mathura Road
_bNew Delhi
_e110044
300 _axiv,246p.
_c22cm(pbk)
505 _aDeath wasn’t painful -- Compassion and cruelty -- Secrets and sleuths -- The hospital interlude -- Myths and misconceptions -- Compatriots and colleagues -- An yankee comes calling -- Some fun, some frolic -- Courage and cowardice -- Daring and devilry -- Kala Sandhu -- The times, they were bad -- Tigers in the cage: the escape story: I -- Freedom beckons: the escape story: II -- Preparations and doubts: the escape story: III -- The breakout: the escape story: IV -- The aftermath: the escape story: V -- Wages of sin -- Ayesha -- The great homecoming.
650 _aIndia-Pakistan Conflict, 1971
_vPersonal narratives, East Indian.
650 _a India-Pakistan Conflict, 1971
_xAerial operations, East Indian.
650 _a India-Pakistan Conflict, 1971
_xPrisoners and prisons, Pakistani.
650 _a Prisoners of war
_zIndia
_zBiography.
650 _aPrisoners of war
_zPakistan
_zBiography
942 _2ddc
_cEN
_h954.9205148092254
_mJAF
999 _c88275
_d88275